<?xml version="1.0" encoding="UTF-8"?>
<marc:record xmlns:marc="http://www.loc.gov/MARC21/slim">
   <marc:leader>00000nam a2200000 a 4500</marc:leader>
   <marc:datafield ind1="1" ind2=" " tag="100">
      <marc:subfield code="a">Scheffler, Ursel</marc:subfield>
      <marc:subfield code="4">aut</marc:subfield>
      <marc:subfield code="e">Verfasser/-in</marc:subfield>
   </marc:datafield>
   <marc:datafield ind1="0" ind2="0" tag="245">
      <marc:subfield code="a">Kugelblitz jagt Dr. Fong</marc:subfield>
   </marc:datafield>
   <marc:datafield ind1=" " ind2="1" tag="264">
      <marc:subfield code="b">Egmont</marc:subfield>
      <marc:subfield code="c">2012</marc:subfield>
   </marc:datafield>
   <marc:datafield ind1="1" ind2=" " tag="520">
      <marc:subfield code="a">Computerspezialisten aufgepasst: Ein gefährlicher Internet-Wurm hat das Computersystem der Polizei lahmgelegt. Und weitere, noch viel schlimmere Anschläge sollen folgen. Kommissar Kugelblitz ermittelt auf Hochtouren, aber diesmal tappt er völlig im Dunkeln. Selbst seine Freunde aus dem Computer-Club können ihm kaum weiterhelfen. Doch dann stößt er in letzter Sekunde auf die richtige Spur, die ihn um die halbe Welt führt ...</marc:subfield>
   </marc:datafield>
   <marc:datafield ind1=" " ind2=" " tag="020">
      <marc:subfield code="a">9783505130243</marc:subfield>
      <marc:subfield code="9">9783505130243</marc:subfield>
   </marc:datafield>
</marc:record>
